<?xml version="1.0" encoding="UTF-8"?>
<record
    xmlns:xsi="http://www.w3.org/2001/XMLSchema-instance"
    xsi:schemaLocation="http://www.loc.gov/MARC21/slim http://www.loc.gov/standards/marcxml/schema/MARC21slim.xsd"
    xmlns="http://www.loc.gov/MARC21/slim">

  <leader>01118cam a2200289 a 4500</leader>
  <datafield tag="999" ind1=" " ind2=" ">
    <subfield code="c">54687</subfield>
    <subfield code="d">54687</subfield>
  </datafield>
  <controlfield tag="005">20200602134514.0</controlfield>
  <controlfield tag="008">911120s20001981sp      r     001 0 spa d</controlfield>
  <datafield tag="020" ind1=" " ind2=" ">
    <subfield code="a">8424900995</subfield>
  </datafield>
  <datafield tag="040" ind1=" " ind2=" ">
    <subfield code="a">CO-BoSC</subfield>
    <subfield code="b">spa</subfield>
    <subfield code="e">rda</subfield>
  </datafield>
  <datafield tag="041" ind1="1" ind2=" ">
    <subfield code="a">spa</subfield>
    <subfield code="h">gre</subfield>
  </datafield>
  <datafield tag="100" ind1="0" ind2=" ">
    <subfield code="a">S&#xF3;focles</subfield>
    <subfield code="9">54223</subfield>
    <subfield code="e">aut</subfield>
  </datafield>
  <datafield tag="245" ind1="1" ind2="0">
    <subfield code="a">Tragedias</subfield>
    <subfield code="c">S&#xF3;focles; introducci&#xF3;n de Jos&#xE9; S. Lasso de la Vega; traducci&#xF3;n y notas de Assela Alamillo</subfield>
  </datafield>
  <datafield tag="264" ind1=" " ind2="1">
    <subfield code="a">Madrid</subfield>
    <subfield code="b">Gredos</subfield>
    <subfield code="c">1981</subfield>
  </datafield>
  <datafield tag="300" ind1=" " ind2=" ">
    <subfield code="a">578 p&#xE1;ginas</subfield>
    <subfield code="c">19 cm</subfield>
  </datafield>
  <datafield tag="337" ind1=" " ind2=" ">
    <subfield code="2">rdamedia</subfield>
  </datafield>
  <datafield tag="338" ind1=" " ind2=" ">
    <subfield code="2">rdacarrier</subfield>
  </datafield>
  <datafield tag="490" ind1=" " ind2=" ">
    <subfield code="9">66709</subfield>
    <subfield code="a">Biblioteca Cl&#xE1;sica Gredos</subfield>
    <subfield code="v">No.40</subfield>
  </datafield>
  <datafield tag="504" ind1=" " ind2=" ">
    <subfield code="a">Incluye referencias bibliogr&#xE1;ficas.</subfield>
  </datafield>
  <datafield tag="505" ind1="0" ind2=" ">
    <subfield code="a">Introducci&#xF3;n general.-- Ayax.-- Las traquinias.-- Antigona.-- Edipo Rey.-- Electra.-- Filoctetes.-- Edipo en Colono
</subfield>
  </datafield>
  <datafield tag="700" ind1="1" ind2=" ">
    <subfield code="a">Lasso de la Vega, Jos&#xE9; S</subfield>
    <subfield code="e">win</subfield>
    <subfield code="9">72749</subfield>
  </datafield>
  <datafield tag="700" ind1="1" ind2=" ">
    <subfield code="a">Alamillo, Assela</subfield>
    <subfield code="e">trl</subfield>
    <subfield code="e">ann</subfield>
    <subfield code="9">72750</subfield>
  </datafield>
  <datafield tag="082" ind1="0" ind2="4">
    <subfield code="a">108 B423 No.40</subfield>
    <subfield code="2">21</subfield>
    <subfield code="b">B423 No.40</subfield>
  </datafield>
  <datafield tag="650" ind1="2" ind2="4">
    <subfield code="a">Literatura griega</subfield>
    <subfield code="9">10723</subfield>
  </datafield>
  <datafield tag="650" ind1="2" ind2="4">
    <subfield code="a">Tragedia griega</subfield>
    <subfield code="9">41565</subfield>
  </datafield>
  <datafield tag="942" ind1=" " ind2=" ">
    <subfield code="2">ddc</subfield>
    <subfield code="c">1</subfield>
    <subfield code="h">108 B423 No.40</subfield>
    <subfield code="n">0</subfield>
  </datafield>
  <datafield tag="952" ind1=" " ind2=" ">
    <subfield code="0">0</subfield>
    <subfield code="1">0</subfield>
    <subfield code="2">ddc</subfield>
    <subfield code="4">0</subfield>
    <subfield code="6">108_000000000000000_B423_NO_40</subfield>
    <subfield code="7">0</subfield>
    <subfield code="9">69088</subfield>
    <subfield code="a">6</subfield>
    <subfield code="b">6</subfield>
    <subfield code="c">1</subfield>
    <subfield code="d">2019-06-06</subfield>
    <subfield code="e">Fundaci&#xF3;n Universitaria Monserrate</subfield>
    <subfield code="f">Donaci&#xF3;n</subfield>
    <subfield code="g">100000.00</subfield>
    <subfield code="l">3</subfield>
    <subfield code="m">1</subfield>
    <subfield code="o">108 B423 No.40</subfield>
    <subfield code="p">91008510</subfield>
    <subfield code="r">2021-02-22 00:00:00</subfield>
    <subfield code="s">2021-02-11</subfield>
    <subfield code="t">Ej.1</subfield>
    <subfield code="w">2016-08-22</subfield>
    <subfield code="y">1</subfield>
  </datafield>
</record>
